X-Ray Equipment Maintenance and Repair Workbook (Record no. 34711)

MARC details
000 -LEADER
fixed length control field 00469nam a22001817a 4500
005 - DATE AND TIME OF LATEST TRANSACTION
control field 20231107195454.0
008 - FIXED-LENGTH DATA ELEMENTS--GENERAL INFORMATION
fixed length control field 231107b |||||||| |||| 00| 0 eng d
020 ## - INTERNATIONAL STANDARD BOOK NUMBER
ISBN 9799241591637
082 ## - DEWEY DECIMAL CLASSIFICATION NUMBER
Classification number 616.0757
Item number MCC-X
100 ## - MAIN ENTRY--AUTHOR
Author Name Mcclelland,Ian R
245 ## - TITLE STATEMENT
Title X-Ray Equipment Maintenance and Repair Workbook
260 ## - PUBLICATION, DISTRIBUTION, ETC.
Place of Publication 266
Name of publisher, distributor, etc. A.I.T.B.S.Publisher
Date of publication, distribution, etc. 2007
300 ## - PHYSICAL DESCRIPTION
Pages 266
500 ## - GENERAL NOTE
General note Include Index
650 ## - SUBJECT ADDED ENTRY--TOPICAL TERM
Subject / Department Medical
700 ## - ADDED ENTRY--PERSONAL NAME
Personal name Ian R Mcclelland
952 ## - LOCATION AND ITEM INFORMATION (KOHA)
-- 0
-- 0
Holdings
Lost status Damaged status Collection code Permanent Location Current Location Shelving Location Date acquired Full Call Number Accession No./Barcode Date last seen item type Koha item type
    Medical /Allied Heath Science Superior Information Resource Center (SIRC) Superior University- Main Campus Superior Information Resource Center (SIRC) Superior University- Main Campus Medical 11/07/2023 616.07 MCC-X 2007 20981 11/07/2023 BOOK BOOK

Powered by Koha